| 000 | 00639nam a22002297a 4500 | ||
|---|---|---|---|
| 003 | OSt | ||
| 005 | 20160920113915.0 | ||
| 008 | 160114b xxu||||| |||| 00| 0 eng d | ||
| 020 | _a9781446201985 | ||
| 040 | _cLIC | ||
| 082 |
_22013 _aDC 364.109 _bAa7g |
||
| 100 |
_91724 _aAas, Katja Franko |
||
| 245 | _aGlobalization & crime/ | ||
| 250 | _aSecond Edition | ||
| 260 |
_aLos Angeles : _bSAGE, _cc2013. |
||
| 300 |
_aviii, 272 pages; _c24 cm. |
||
| 440 |
_91727 _aKey Approaches to Criminology |
||
| 500 | _aIncludes bibliographical references and index. | ||
| 650 | 0 |
_91725 _aCrime |
|
| 650 | 0 |
_91726 _aGlobalization |
|
| 942 |
_2ddc _cDC |
||
| 999 |
_c649 _d649 |
||